000 00946nam a2200277 a 4500
001 000007216
003 DO-SdBNP
005 20240307073941.0
007 ta
008 090907s2002 dr a 000 0 spa d
020 _a9993461083
040 _aDO-SdBNP
_bspa
_cBNPHU
082 4 _a 616.84
_bF359e
100 1 _aFermín Sánchez, Sonia de
_920020
245 1 0 _aExamen neurológico práctico :
_bsu interpretación clínica /
_cSonia Fermín De Sánchez.
260 _aSanto Domingo :
_bINTEC,
_c2002.
300 _a129 p. :
_bil. ;
_c24 cm.
500 _aIncluye datos biográficos del autor en la solapa de la cubierta
504 _aBibliográfia : p. 127-129
590 _aInventariado, 2018/LP
650 1 4 _aExamen neurológico
_920021
650 1 4 _aEnfermedades del sistema nervioso
_xDiagnóstico
_920022
710 2 _aInstituto Tecnológico de Santo Domingo
_978911
910 _aValidado. Control de calidad. MFF
942 _2ddc
_cLF1
999 _c6997
_d6997